000
00245nam a2200097Ia 4500
008
170619s9999 xx 000 0 und d
100
_a
Elliott- David J.
245
0
_a
Integrated circuit fabrication technology
260
_b
Mc Graw Hill
260
_c
1989
546
_a
ENGLISH
999
_c
17647
_d
17647